000 00222 a2200097 4500
000 nam a22 7a 4500
005 20260302123732.0
100 _aRobbins, Mel
_91114845
245 _aThe Let Them Theory
942 _cTEXL
999 _c1688383
_d1688383